000 00440nam a2200181Ia 4500
008 100917s9999 xx 000 0 und d
082 _b47133
100 _aElfrida Vipont
245 _aBoggarts And Dreams
260 _bH. H.
_c1969
300 _a174
365 _b0
520 _aबालविभाग
630 _aBoggarts And Dreams
650 _aबालविभाग
730 _aBoggarts And Dreams
942 _cBOOK
999 _c652527
_d652524